L'effectif du Real Madrid 2023/2024 - Statistiques

Statistiques générales
  • Ce quiz a été pris 145 fois
  • Le résultat moyen est 21 sur 30
Statistiques - réponses
Poste Pays Joueur % Correct
G Belgique Thibaut Courtois
100%
M France Aurélien Tchouaméni
95%
A Brésil Vinicius
95%
G Ukraine Andriy Lunin
94%
M Croatie Luka Modric
94%
D Allemagne Antonio Rudiger
93%
M Angleterre Jude Bellingham
93%
M France Eduardo Camavinga
92%
M Uruguay Federico Valverde
92%
M Allemagne Toni Kroos
92%
D France Ferland Mendy
91%
D Autriche David Alaba
90%
Coach Italie Carlo Ancelotti
89%
A Brésil Rodrygo
89%
D Espagne Dani Carvajal
88%
D Brésil Éder Militao
88%
D Espagne Nacho
82%
M Turquie Arda Guler
80%
A Espagne Joselu
80%
M Maroc Brahim Diaz
76%
G Espagne Kepa
60%
M Espagne Lucas Vazquez
59%
M Espagne Dani Ceballos
53%
D Espagne Fran Garcia
51%
A Espagne Gonzalo Garcia
37%
M Argentine Nico Paz
34%
A Uruguay Alvaro Rodriguez
13%
D Brésil Vinicius Tobias
12%
M Espagne Mario Martin
10%
D Espagne Alvaro Carrillo
2%
Aucun quiz correspondant
Distribution des résultats
% des personnes avec chaque résultat
Percentile par nombre de réponses
Votre historique - résultats
Vous n’avez pas pris ce quiz